00327nam a2200121Ia 4500082002000000100002700020245002900047250000800076260004800084300001400132504002400146650003500170 aRR 011.02 WIN-; aWinchell, Constance M. 0aGuide to reference books a8th aChicagobAmerican Library Associationc1967 axx, 741p. aIncludes index; ref aReference books - Bibliography